Villes et villages françaises par définition (aléatoire) - Statistiques

Statistiques générales
  • Ce quiz a été pris 73 fois
  • Le résultat moyen est 5 sur 10
Statistiques - réponses
Description
Ville
% Correct
Ville du pruneau et de la Garonne, à l’ambiance méridionale. Agen
100%
Ville rouge du Tarn, célèbre pour sa cathédrale de brique et le musée Toulouse-Lautrec. Albi
100%
Ville gardoise entre Cévennes et Méditerranée, ancien bassin minier reconverti. Alès
100%
Ville de la bande dessinée, avec son festival international renommé. Angoulême
100%
Ville antique de Provence, chère à Van Gogh et aux Rencontres photographiques. Arles
100%
Ville portuaire corse au riche patrimoine baroque et au caractère méditerranéen. Bastia
100%
Ville basque animée, célèbre pour son jambon, ses fêtes et ses traditions. Bayonne
100%
Ville royale en bord de Loire, avec son château Renaissance et ses escaliers monumentaux. Blois
100%
Capitale du vin, elle séduit par son architecture XVIIIe et la Cité du Vin. Bordeaux
100%
Ville du Lot aux origines romaines, réputée pour son vin noir et son pont Valentré. Cahors
100%
Ville portuaire tournée vers l’Angleterre, connue pour les Bourgeois de Rodin. Calais
100%
Ville du Tarn célèbre pour ses maisons sur l’Agout et son club de rugby. Castres
100%
Ancienne capitale des États de Savoie, elle charme avec ses traboules alpines et son éléphant sculpté. Chambéry
100%
Village discret mais mondialement connu pour son château monumental imaginé sous François Ier. Chambord
100%
Entourée de volcans, elle est le fief de Michelin et accueille le Festival du court métrage. Clermont-Ferrand
100%
Préfecture du Val-de-Marne, centre administratif important. Créteil
100%
Station balnéaire chic de la Côte Fleurie, célèbre pour son festival du cinéma américain. Deauville
100%
Capitale de la Haute-Provence et ville thermale entourée de montagnes, connue pour son musée Alexandra David-Néel et la réserve géologique. Digne-les-Bains
100%
Capitale des Vosges, réputée pour ses images populaires et son impressionnante forteresse. Épinal
100%
Station balnéaire normande, rendue célèbre par ses falaises et les toiles de Monet. Étretat
100%
Petite ville médiévale dominée par un château féodal surplombant l’Ariège. Foix
100%
Ville d’histoire royale, réputée pour son château et sa forêt propice à l’escalade. Fontainebleau
100%
Capitale douce et ensoleillée des Hautes-Alpes, porte d’entrée du massif des Écrins. Gap
100%
Ville portuaire lumineuse, marquée par les protestants et célèbre pour ses Francofolies. La Rochelle
100%
Merveille de l’Occident, il s’élève au rythme des marées et attire des millions de visiteurs. Le Mont-Saint-Michel
100%
Ville frontalière pleine de dynamisme, connue pour sa grande braderie et son architecture flamande. Lille
100%
Capitale de la porcelaine, avec un riche patrimoine médiéval et industriel. Limoges
100%
Haut lieu de pèlerinage catholique, visité chaque année par des millions de fidèles. Lourdes
100%
Célèbre pour ses bouchons et sa Fête des Lumières, c’est aussi la ville natale des frères Lumière, pionniers du cinéma. Lyon
100%
Port millénaire et cosmopolite, elle vibre au rythme de l’OM et du rap. Marseille
100%
Avec sa Promenade des Anglais, elle attire les artistes et les touristes depuis Matisse jusqu’à aujourd’hui. Nice
100%
Avec ses arènes romaines parfaitement conservées, elle évoque la Rome antique dans le sud de la France. Nîmes
100%
Ville deux-sévrienne dynamique, au bord de la Sèvre Niortaise et capitale de la mutualité. Niort
100%
Aux portes de l’Espagne, elle vibre au son de la culture catalane et du festival Visa pour l’image. Perpignan
100%
Ville universitaire et historique, connue pour le Futuroscope et la bataille de 732. Poitiers
100%
Plus petite préfecture de France, connue pour ses marrons glacés et son caractère ardéchois authentique. Privas
100%
Cœur historique de la Cornouaille bretonne, célèbre pour sa faïence et son festival celtique. Quimper
100%
Cité des sacres royaux et capitale du champagne, elle possède une cathédrale monumentale classée UNESCO. Reims
100%
Perchée sur un piton, cette ville tranquille abrite le musée Soulages, maître du noir. Rodez
100%
Voisine de Lille, ville au riche passé textile. Roubaix
100%
Village devenu icône de la jet-set depuis Brigitte Bardot et le cinéma des années 50. Saint-Tropez
100%
Ville franco-allemande, elle accueille le Parlement européen et célèbre un des plus anciens marchés de Noël d’Europe. Strasbourg
100%
Surnommée « la Ville Rose », elle est le cœur de l’industrie aéronautique avec Airbus et la Cité de l’Espace. Toulouse
100%
Ville de dentelles et d’accordéons, aussi connue pour avoir vu grandir François Hollande. Tulle
100%
Ville symbole de la Première Guerre mondiale, avec son mémorial et sa citadelle. Verdun
100%
Ville portuaire célèbre pour son festival interceltique annuel. Lorient
83%
Capitale mondiale du parfum, perchée au-dessus de la Riviera. Grasse
80%
Ville de Jeanne d’Arc, elle célèbre chaque année ses exploits avec des fêtes médiévales. Orléans
80%
Ville thermale au bord du lac Léman, face aux Alpes suisses. Thonon-les-Bains
75%
Ville normande liée à l’histoire du Mont-Saint-Michel, au riche patrimoine manuscrit. Avranches
67%
Ville de Picardie avec une cathédrale gothique parmi les plus hautes du monde. Beauvais
67%
Ville du célèbre spiritueux, avec ses maisons de négoce centenaires. Cognac
67%
Préfecture de la Lozère, au pied des montagnes et riche en patrimoine religieux. Mende
67%
Ancien port négrier devenu modèle de ville verte, elle abrite les Machines de l’île et le souvenir de Jules Verne. Nantes
67%
Ville d’art et d’histoire, cœur du Périgord blanc et réputée pour sa gastronomie. Périgueux
67%
Ancienne capitale des comtes de Champagne, célèbre pour ses maisons à pans de bois et ses magasins d'usine. Troyes
67%
Ville portuaire bretonne au riche passé médiéval, cœur du Golfe du Morbihan. Vannes
67%
Ville bretonne avec son viaduc impressionnant et son vieux port pittoresque. Morlaix
60%
Célèbre pour sa basilique nécropole des rois de France et son dynamisme culturel. Saint-Denis
60%
Ville natale de Georges Brassens, surnommée la « Venise du Languedoc ». Sète
60%
Ancienne capitale historique de la Corse indépendante, ville étudiante et montagneuse. Corte
56%
Ville de Bourgogne au riche patrimoine médiéval, patrie de l'abbé Deschamps et de l'AJA. Auxerre
50%
Ville verte et paisible, elle a vu naître Victor Hugo et abrite la citadelle Vauban classée UNESCO. Besançon
50%
Ville la plus haute de France, classée UNESCO pour ses fortifications de Vauban. Briançon
50%
Première ville thermale de France, avec des férias et des arènes réputées. Dax
50%
Ville fortifiée sur la mer du Nord, abritant une centrale nucléaire et une citadelle intacte. Gravelines
50%
Ville provençale chère à Jean Giono, au cœur du Luberon. Manosque
50%
Ville paisible de Bourgogne, où repose sainte Bernadette Soubirous. Nevers
50%
Capitale mondiale de la culture et des arts, c' est le berceau de figures comme Victor Hugo et accueille chaque année la Fashion Week. Paris
50%
Réputée pour la chaussure de luxe et son patrimoine Renaissance. Romans-sur-Isère
50%
Cité ligérienne réputée pour son français « sans accent », c’est une porte d’entrée vers les châteaux de la Loire. Tours
50%
Cité de la Drôme au climat méditerranéen, entre Vercors et Provence. Valence
50%
Station thermale au passé impérial et controversé, célèbre pour ses eaux et son architecture Art déco. Vichy
50%
Perle médiévale du Périgord noir, au cœur d’une région de gastronomie et de préhistoire. Sarlat-la-Canéda
40%
Ville normande célèbre pour sa dentelle et son architecture XIXe. Alençon
33%
Capitale des vins de Bourgogne, connue pour ses Hospices à tuiles vernissées. Beaune
33%
Ville comtadine riche en histoire juive et papale, au pied du mont Ventoux. Carpentras
33%
Port stratégique du Cotentin, connu pour la Cité de la Mer et l’arrivée du Titanic en 1912. Cherbourg-en-Cotentin
33%
Village perché du Luberon, souvent cité parmi les plus beaux de France. Gordes
33%
Village breton au charme fleuri, élu « village préféré des Français » en 2016. Rochefort-en-Terre
33%
Ville haute du Cantal, aux rues pavées et panoramas volcaniques. Saint-Flour
33%
Ville basque fortifiée, point de départ emblématique du chemin de Compostelle. Saint-Jean-Pied-de-Port
33%
Ville d’art et d’histoire, capitale mondiale du théâtre de marionnettes. Charleville-Mézières
29%
Ville fortifiée au bord de la Durance, avec sa citadelle spectaculaire et son rôle de « porte de la Provence ». Sisteron
29%
Connue pour son festival international de théâtre de rue et sa production de parapluies. Aurillac
25%
Ville dynamique du Limousin, rendue célèbre par Georges Brassens et sa foire du livre. Brive-la-Gaillarde
20%
Ville médiévale bretonne parfaitement conservée, aux ruelles pavées et remparts. Dinan
20%
Ville étudiante dynamique, elle allie patrimoine médiéval et modernité architecturale. Montpellier
20%
Ancienne cité industrielle, aujourd'hui ville créative UNESCO pour le design. Saint-Étienne
20%
Ville de Picardie marquée par les guerres et l’histoire de la Baie de Somme. Abbeville
0%
Ville douce et florale, elle abrite le plus grand château fort de France et le célèbre Apocalypse. Angers
0%
Très connue pour son festival de théâtre et son pont. Avignon
0%
Ville thermale pyrénéenne, prisée pour ses eaux et ses randonnées. Bagnères-de-Bigorre
0%
Ville d’art et d’histoire, célèbre pour sa confiture de groseille épépinée à la plume. Bar-le-Duc
0%
Ville médiévale connue pour sa célèbre tapisserie et son histoire normande. Bayeux
0%
Ville connue pour son monastère royal de Brou et sa gastronomie. Bourg-en-Bresse
0%
Ville balnéaire azuréenne, où Renoir a passé ses dernières années. Cagnes-sur-Mer
0%
Ville fortifiée médiévale inscrite au patrimoine mondial, parfaitement restaurée. Carcassonne
0%
Bastide perchée du Tarn, au panorama exceptionnel sur les collines albigeoises. Castelnau-de-Montmirail
0%
Ville moyenne de Bourgogne, berceau de la photographie (Nicéphore Niépce). Chalon-sur-Saône
0%
Ville d’art et de lumière, renommée pour sa cathédrale gothique aux vitraux exceptionnels. Chartres
0%
Entièrement construit en grès rouge, c’est un joyau médiéval de Corrèze. Collonges-la-Rouge
0%
Ville touristique majeure d’Alsace, avec un centre historique remarquable. Colmar
0%
Étape majeure du chemin de Saint-Jacques, connue pour son abbatiale et ses vitraux de Soulages. Conques
0%
Petite ville drômoise au charme provençal, célèbre pour sa Clairette et ses paysages du Vercors. Die
0%
Capitale des ducs de Bourgogne, elle est aussi célèbre pour sa moutarde et ses façades Renaissance. Dijon
0%
Bastide du Périgord noir, offrant une vue panoramique sur la vallée de la Dordogne. Domme
0%
Ville historique aux beaux beffrois, connue pour son musée de la Chartreuse. Douai
0%
Village viticole alsacien, aux ruelles en spirale et maisons à colombages fleuries. Eguisheim
0%
Ville natale de Champollion, berceau de l’égyptologie française. Figeac
0%
Ville provençale historique, ancien comté rival d’Aix et bastion des marchés traditionnels. Forcalquier
0%
Village de l’Oise tout en roses et maisons anciennes, peint par Henri Le Sidaner. Gerberoy
0%
Station balnéaire chic avec l’une des plus longues plages d’Europe. La Baule
0%
Ville bretonne au riche passé équestre, dans les Côtes-d’Armor. Lamballe
0%
Ville fortifiée sur un promontoire, berceau du philosophe Diderot. Langres
0%
Niché entre falaise et Dordogne, il séduit par ses maisons troglodytes et jardins exotiques. La Roche-Gageac
0%
Petite Venise provençale, prisée pour ses antiquaires et ses roues à aube. L’Isle-sur-la-Sorgue
0%
Ville-jardin à l’influence germanique, elle est connue pour sa cathédrale de vitraux signés Chagall. Metz
0%
Ville d’art roman célèbre pour son cloître et son abbaye classée UNESCO. Moissac
0%
Station thermale et de ski auvergnate, nichée au pied du Sancy. Mont Dore
0%
Porte de la Provence, célèbre dans toute la France pour son nougat et son ambiance ensoleillée le long de la N7. Montélimar
0%
Ancienne cité romaine, avec son canal de la Robine et son patrimoine gothique. Narbonne
0%
Ville résidentielle de la banlieue est de Paris, réputée pour ses guinguettes sur la Marne. Nogent-sur-Marne
0%
Cité industrielle du Haut-Bugey, connue pour son savoir-faire dans la plasturgie et son environnement montagnard. Oyonnax
0%
Village breton des peintres, immortalisé par Gauguin. Pont-Aven
0%
Ville volcanique, célèbre pour sa vierge noire et ses départs de pèlerinage. Puy-en-Velay
0%
Village alsacien typique, où le vin et les colombages se marient à merveille. Riquewihr
0%
Ville industrielle au bord de la Loire, réputée pour sa gastronomie et son club de basket. Roanne
0%
Accroché à flanc de falaise, il inspira André Breton et charme les visiteurs. Saint-Cirq-Lapopie
0%
Ancienne cité corsaire, célèbre pour ses remparts, son histoire maritime et ses marées spectaculaires. Saint-Malo
0%
Ville d’art décoratif avec sa basilique et son centre-ville Art déco. Saint-Quentin
0%
Perle du Cantal, réputée pour ses vaches rustiques et son fromage au goût puissant. Salers
0%
Ville bourguignonne sur la Saône, célèbre pour son abbaye romane Tournus
0%
« Perle du Limousin », perchée au-dessus de la Vézère. Uzerche
0%
Valencinnes
0%
Ville royale connue pour son château somptueux et ses jardins à la française. Versailles
0%
Charmante ville de la Côte d’Azur, au port pittoresque et aux maisons colorées. Villefranche-sur-Mer
0%
Aucun quiz correspondant
Distribution des résultats
% des personnes avec chaque résultat
Percentile par nombre de réponses
Votre historique - résultats
Vous n’avez pas pris ce quiz